000
00260nam a2200097Ia 4500
001
1250650
005
20251031150900.0
008
251031s9999 xx 000 0 und d
245
0
_c
RAMAZAN KURTOĞLU
_a
D-4 AKIL SAĞLIĞI TSUNAMİSİ
260
_b
DESTEK YAYINLARI
999
_c
1250650
_d
1250650